000 00960cam a2200277 a 4500
001 000012018
005 20200929162647.0
008 720609s1972 ve a 001 0 spa
035 _a(DLC) 58033133
035 _a(OCoLC)328436
040 _aDO-SdBNP
_bspa
_cOAU
_dDLC
_dBNPHU
082 _a980.47
_bC787k
100 1 _aCora, María Manuela de
_928423
245 1 0 _aKuai-Mare :
_bmitos aborígenes de Venezuela /
_cMaría Manuela de Cora ; prólogo Rafael Rodríguez Delgado.
260 _aCaracas :
_bMonte Ávila,
_c1972.
300 _a293 p. :
_bil. ;
_c16 cm.
490 1 _aCientífica
_v15
504 _aIncluye bibliografía.
650 4 _aIndígenas de venezuela
_xLeyendas
_924506
650 4 _aLeyendas indígenas
_zVenezuela
_924504
650 4 _aMitología indígena
_zAmérica Del Sur
_928424
700 1 _aRodríguez Delgado, Rafael,
_epról.
_928425
830 0 _aCientífica :
_v15
_925797
910 _aCatalogación derivada
049 _aBNGR
999 _c11686
_d11686